Охрана труда и противопожарная защита на строительстве и эксплуатации автомобильных дорог (Запись № 5382250)

Подробности
000 -МАРКЕР
контрольное поле 01814nam0a22003251 4500
001 - ИДЕНТИФИКАТОР ЗАПИСИ
контрольное поле rc\2261301
005 - ИДЕНТИФИКАТОР ВЕРСИИ
контрольное поле 20250623100828.0
035 ## - ДРУГИЕ СИСТЕМНЫЕ НОМЕРА
Идентификатор записи (NLR Aleph) 006714927
100 ## - ДАННЫЕ ОБЩЕЙ ОБРАБОТКИ
Данные общей обработки 20110829d1978 |||y0rusy50 ca
101 0# - ЯЗЫК РЕСУРСА
Язык текста, звукозаписи и т.д. русский
102 ## - СТРАНА ПУБЛИКАЦИИ ИЛИ ПРОИЗВОДСТВА
Страна публикации Российская Федерация
105 ## - ПОЛЕ КОДИРОВАННЫХ ДАННЫХ: ТЕКСТОВЫЕ МАТЕРИАЛЫ, МОНОГРАФИЧЕСКИЕ
Кодированные данные о монографическом текстовом документе a z |||||
200 1# - ЗАГЛАВИЕ И СВЕДЕНИЯ ОБ ОТВЕТСТВЕННОСТИ
Основное заглавие Охрана труда и противопожарная защита на строительстве и эксплуатации автомобильных дорог
Сведения, относящиеся к заглавию [Учеб. пособие для автомоб.-дор. техникумов]
Первые сведения об ответственности П.В. Мыльников, В.П. Егозов, А.С. Турок
205 ## - СВЕДЕНИЯ ОБ ИЗДАНИИ
Сведения об издании 3-е изд., перераб. и доп.
210 ## - ПУБЛИКАЦИЯ, РАСПРОСТРАНЕНИЕ И ДР.
Место издания, распространения и т.д. Москва
Имя издателя, распространителя и т. д. Транспорт
Дата издания, распространения и т.д. 1978
215 ## - ФИЗИЧЕСКАЯ ХАРАКТЕРИСТИКА
Специфическое обозначение материала и объем 207 с.
Другие сведения о физической характеристике ил.
Размеры 22
300 ## - ОБЩИЕ ПРИМЕЧАНИЯ
Текст примечания Загл. 2-го изд.: Техника безопасности и противопожарная техника на дорожном строительстве
451 #0 - ДРУГОЕ ИЗДАНИЕ [КАТАЛОГИЗИРУЕМОГО ДОКУМЕНТА] НА АНАЛОГИЧНОМ НОСИТЕЛЕ
Встроенное поле 2001#$aТехника безопасности и противопожарная техника на дорожном строительстве
-- 205##$a2-е изд.
Заглавие Техника безопасности и противопожарная техника на дорожном строительстве
606 ## - НАИМЕНОВАНИЕ ТЕМЫ КАК ПРЕДМЕТ
Наименование темы Дорожное строительство
Формальный подзаголовок Учебники и пособия
Тематический подзаголовок Охрана труда
Код системы psbo
700 #1 - ИМЯ ЛИЦА - ПЕРВИЧНАЯ ОТВЕТСТВЕННОСТЬ
Начальный элемент ввода Мыльников
Часть имени, кроме начального элемента ввода П.В.
Расширение инициалов личного имени Петр Владимирович
701 #1 - ИМЯ ЛИЦА - АЛЬТЕРНАТИВНАЯ ОТВЕТСТВЕННОСТЬ
Начальный элемент ввода Турок
Часть имени, кроме начального элемента ввода А.С.
Расширение инициалов личного имени Анатолий Семенович
701 #1 - ИМЯ ЛИЦА - АЛЬТЕРНАТИВНАЯ ОТВЕТСТВЕННОСТЬ
Начальный элемент ввода Егозов
Часть имени, кроме начального элемента ввода В.П.
Расширение инициалов личного имени Владимир Петрович
801 #0 - ИСТОЧНИК ЗАПИСИ
Страна Российская Федерация
Организация NLR
Правила каталогизации psbo
801 #1 - ИСТОЧНИК ЗАПИСИ
Страна Российская Федерация
Организация ELAR
Источник данных rusmarc
852 ## - МЕСТОНАХОЖДЕНИЕ И ШИФР ХРАНЕНИЯ
Идентификатор организации NLR
Шифр хранения (Call Number) 77-5/8751
899 ## - ДАННЫЕ О МЕСТОНАХОЖДЕНИИ (устаревшее)
Местонахождение RuMoRGB
Шифр хранения Б 77-32/711
899 ## - ДАННЫЕ О МЕСТОНАХОЖДЕНИИ (устаревшее)
Местонахождение RuMoRGB
Шифр хранения Б 77-32/712
942 ## - ДОПОЛНИТЕЛЬНЫЕ ЭЛЕМЕНТЫ ЗАПИСИ (АБИС)
Тип экземпляра АБИС Книга
980 ## - КОЛЛЕКЦИЯ
Название коллекции Национальная библиография
Экземпляры
Тип экземпляра Дата поступления Библиотека постоянного хранения Библиотека текущего хранения Место хранения Шифр хранения Штрих-код Статус экземпляра
Книга 26.10.2013 РНБ (Московский) РНБ (Московский) Русский книжный фонд: издания с 1957 года 77-5/8751 1-2761894